Huế với đời sống Văn hóa Gia tộc
Nội dung sách giới thiệu: Chương một: Khái quát về gia tộc xứ Huế trong lịch sử; Chương hai: Cội nguồn họ tộc xứ Huế; Chương ba: Thiết chế văn hóa gia tộc Huế.
Gorde:
| Egile nagusia: | |
|---|---|
| Formatua: | Liburua |
| Hizkuntza: | Undetermined |
| Argitaratua: |
Hà Nội
Văn hóa Thông tin
2010
|
| Gaiak: | |
| Etiketak: |
Etiketa erantsi
Etiketarik gabe, Izan zaitez lehena erregistro honi etiketa jartzen!
|
| Thư viện lưu trữ: | Trung tâm Học liệu Trường Đại học Cần Thơ |
|---|
| LEADER | 00898nam a2200217Ia 4500 | ||
|---|---|---|---|
| 001 | CTU_164065 | ||
| 008 | 210402s9999 xx 000 0 und d | ||
| 082 | |a 392.359741 | ||
| 082 | |b L566 | ||
| 100 | |a Lê, Nguyễn Lưu | ||
| 245 | 0 | |a Huế với đời sống Văn hóa Gia tộc | |
| 245 | 0 | |c Lê Nguyễn Lưu | |
| 260 | |a Hà Nội | ||
| 260 | |b Văn hóa Thông tin | ||
| 260 | |c 2010 | ||
| 520 | |a Nội dung sách giới thiệu: Chương một: Khái quát về gia tộc xứ Huế trong lịch sử; Chương hai: Cội nguồn họ tộc xứ Huế; Chương ba: Thiết chế văn hóa gia tộc Huế. | ||
| 650 | |a Manners and customs,Phong tục tập quán | ||
| 650 | |x Family,Gia đình | ||
| 650 | |z Vietnam | ||
| 904 | |i HPTVi,Qhieu | ||
| 980 | |a Trung tâm Học liệu Trường Đại học Cần Thơ | ||